| 000 | 00508 a2200181 4500 | ||
|---|---|---|---|
| 001 | 068322 | ||
| 003 | OSt | ||
| 005 | 20220216100300.0 | ||
| 008 | |||
| 082 |
_a003.54 _bL65I |
||
| 100 | 1 | _aLint, J.H. van | |
| 245 | 1 |
_aIntroduction to coding theory _cby J.H. van Lint |
|
| 250 | _a3rd ed. | ||
| 260 |
_aNew York _bSpringer _c2008 |
||
| 300 | _a227p. | ||
| 653 | _aCoding theory; Geometry, Algebraic; Mathematics; Number theory; Combinatorial analysis | ||
| 942 |
_2ddc _cBK |
||
| 999 |
_c2008 _d2008 |
||